<?xml version="1.0" encoding="UTF-8"?>
<record
    xmlns:xsi="http://www.w3.org/2001/XMLSchema-instance"
    xsi:schemaLocation="http://www.loc.gov/MARC21/slim http://www.loc.gov/standards/marcxml/schema/MARC21slim.xsd"
    xmlns="http://www.loc.gov/MARC21/slim">

  <leader>02297nam a22002657a 4500</leader>
  <controlfield tag="003">DO-SdBNP</controlfield>
  <controlfield tag="005">20210721093117.0</controlfield>
  <controlfield tag="008">210510b2019       dr.| 00| 0 spa d</controlfield>
  <datafield tag="020" ind1=" " ind2=" ">
    <subfield code="a">9789945503593</subfield>
  </datafield>
  <datafield tag="040" ind1=" " ind2=" ">
    <subfield code="a">BPMSU</subfield>
    <subfield code="b">spa,</subfield>
    <subfield code="c">BPMSU</subfield>
  </datafield>
  <datafield tag="082" ind1=" " ind2=" ">
    <subfield code="a">PR863.08</subfield>
    <subfield code="b">C764v 2019  </subfield>
    <subfield code="2">22</subfield>
  </datafield>
  <datafield tag="245" ind1="0" ind2="0">
    <subfield code="a">Contra viento y marea :</subfield>
    <subfield code="b">narrativa de Puerto Rioco /</subfield>
    <subfield code="c">Selecci&#xF3;n y notas de Ram&#xF3;n Luis Acevedo ; coordinaci&#xF3;n : Miguel &#xC1;ngel Forner&#xED;n</subfield>
  </datafield>
  <datafield tag="260" ind1=" " ind2=" ">
    <subfield code="a">Santo Domingo :</subfield>
    <subfield code="b">Editora Nacional,</subfield>
    <subfield code="c">2019.</subfield>
  </datafield>
  <datafield tag="300" ind1=" " ind2=" ">
    <subfield code="a">360 p. ,</subfield>
    <subfield code="c">23 cm.</subfield>
  </datafield>
  <datafield tag="490" ind1="0" ind2=" ">
    <subfield code="a">Homenaje ;</subfield>
    <subfield code="a">Narrativa</subfield>
  </datafield>
  <datafield tag="500" ind1=" " ind2=" ">
    <subfield code="3">Incluyes datos biogr&#xE1;ficos del compilador en la solapa de la cubierta </subfield>
  </datafield>
  <datafield tag="505" ind1="0" ind2=" ">
    <subfield code="a">Palabras preliminares / Eduardo Selman Hasb&#xFA;n -- Presentaci&#xF3;n / Ram&#xF3;n Luis Acevedo -- Manuel Alonso /El p&#xE1;jaro malo, Perico paciencia  -- Alejandro Tapia Rivera  Recuerdos de San Juan  -- P&#xF3;stumo envirginiado o historia de un hombre que se col&#xF3; en el cuerpo de una mujer (Fragmento)  -- Eugenio Mar&#xED;a de Hostos / La peregrinaci&#xF3;n de Bayo&#xE1;n  -- El barco de papel -- Manuel Zeno Gand&#xED;a / -- La charca (Fragmento) -- Miguel Mel&#xE9;ndez Mu&#xF1;oz /  La muerte del cabro Meneo  -- Alfredo Collado Martell / El Mozambique embalsamado  -- Antonio Oliver Frau / Amores de tierra adentro  -- La simiente roja 1 -- Emilio S. Belaval / La viuda de manto prieto  -- Leyenda -- Encargado Rodr&#xED;guez Juli&#xE1; / La renuncia del h&#xE9;roe Baltasar (Fragmento)  -- Las chicas de las monjas  -- Tom&#xE1;s L&#xF3;pez Ram&#xED;rez / Banda de acero  -- Jazmines y mezquindades  -- Rosario Ferr&#xE9; / Cuando la mujeres quieren a los hombres  -- Magali Garc&#xED;a Ramis / Una semana de siete d&#xED;as -- El maquinista del tren de la muerte  -- Ana Lydia Vega / Encancaranublado  -- Ajustes S. A.  -- Edgardo Sanabria / El d&#xED;a que el hombre piso la luna  -- Despu&#xE9;s del hurac&#xE1;n  -- Carmelo Rodr&#xED;guez Torres / El sapo de oro -- La &#xFA;nica cara del espejo  -- Luis L&#xF3;pez Nieves / Mayra Santos  -- Espejo con salmuera  -- Marina y su olor -- Pedro Cabiya / Imperdonable injusticia  -- Vestidas de novia.
</subfield>
  </datafield>
  <datafield tag="590" ind1=" " ind2=" ">
    <subfield code="a">Inventariado,2021/MC</subfield>
  </datafield>
  <datafield tag="650" ind1=" " ind2="4">
    <subfield code="a">Novela puertorrique&#xF1;a </subfield>
  </datafield>
  <datafield tag="650" ind1=" " ind2="4">
    <subfield code="a">Literatura puertorrique&#xF1;a</subfield>
  </datafield>
  <datafield tag="700" ind1="1" ind2=" ">
    <subfield code="a">Acevedo, Ram&#xF3;n Luis </subfield>
    <subfield code="e">sel.y nots.</subfield>
  </datafield>
  <datafield tag="700" ind1="1" ind2=" ">
    <subfield code="a">Forner&#xED;n, Miguel &#xC1;ngel </subfield>
    <subfield code="e">coordinador </subfield>
  </datafield>
  <datafield tag="910" ind1=" " ind2=" ">
    <subfield code="a">Mcabrera /VMateo V</subfield>
  </datafield>
  <datafield tag="942" ind1=" " ind2=" ">
    <subfield code="2">ddc</subfield>
    <subfield code="c">BK</subfield>
  </datafield>
  <datafield tag="952" ind1=" " ind2=" ">
    <subfield code="0">0</subfield>
    <subfield code="1">0</subfield>
    <subfield code="2">ddc</subfield>
    <subfield code="4">0</subfield>
    <subfield code="7">0</subfield>
    <subfield code="8">CD</subfield>
    <subfield code="a">BPMET</subfield>
    <subfield code="b">BPMET</subfield>
    <subfield code="d">2021-07-21</subfield>
    <subfield code="e">Editora Nacional </subfield>
    <subfield code="l">0</subfield>
    <subfield code="o">BPMSU CD PR863.08 C764v 2019  </subfield>
    <subfield code="p">BPMSU21070026</subfield>
    <subfield code="r">2021-07-21</subfield>
    <subfield code="w">2021-07-21</subfield>
    <subfield code="y">BK</subfield>
  </datafield>
  <datafield tag="952" ind1=" " ind2=" ">
    <subfield code="0">0</subfield>
    <subfield code="1">0</subfield>
    <subfield code="2">ddc</subfield>
    <subfield code="4">0</subfield>
    <subfield code="7">0</subfield>
    <subfield code="8">CD</subfield>
    <subfield code="a">BPMET</subfield>
    <subfield code="b">BPMET</subfield>
    <subfield code="d">2021-07-21</subfield>
    <subfield code="e">Editora Nacional </subfield>
    <subfield code="l">0</subfield>
    <subfield code="o">BPMSU CD PR863.08 C764v 2019  </subfield>
    <subfield code="p">BPMSU22060029</subfield>
    <subfield code="r">2022-06-15</subfield>
    <subfield code="t">e.2</subfield>
    <subfield code="w">2021-07-21</subfield>
    <subfield code="y">BK</subfield>
  </datafield>
  <datafield tag="952" ind1=" " ind2=" ">
    <subfield code="0">0</subfield>
    <subfield code="1">0</subfield>
    <subfield code="2">ddc</subfield>
    <subfield code="4">0</subfield>
    <subfield code="7">0</subfield>
    <subfield code="8">CD</subfield>
    <subfield code="a">BPMET</subfield>
    <subfield code="b">BPMET</subfield>
    <subfield code="d">2021-07-21</subfield>
    <subfield code="e">Editora Nacional </subfield>
    <subfield code="l">0</subfield>
    <subfield code="o">BPMSU CD PR863.08 C764v 2019  </subfield>
    <subfield code="p">BPMSU22060030</subfield>
    <subfield code="r">2022-06-15</subfield>
    <subfield code="t">e.3</subfield>
    <subfield code="w">2021-07-21</subfield>
    <subfield code="y">BK</subfield>
  </datafield>
  <datafield tag="999" ind1=" " ind2=" ">
    <subfield code="c">13466</subfield>
    <subfield code="d">13466</subfield>
  </datafield>
</record>
